| 000 | 00543nam a22001937a 4500 | ||
|---|---|---|---|
| 005 | 20230320122632.0 | ||
| 008 | 230320b ||||| |||| 00| 0 eng d | ||
| 040 |
_aIN-DiNC _cIN-DiNC |
||
| 041 | _dasm | ||
| 082 |
_a891.4513 _bEHO |
||
| 245 |
_aEhora janajatiya chutigalpa/ _ced. by Upen Rabha Hakacham |
||
| 250 | _a1st ed. | ||
| 260 |
_aGuwahati: _bPublication Board Assam, _c2012. |
||
| 300 | _a158p. | ||
| 650 | _aTribal short stories | ||
| 650 | _aAssamese short stories | ||
| 700 |
_aHakacham, Upen Rabha _eEditor |
||
| 942 |
_2ddc _cBK |
||
| 999 |
_c11498 _d11498 |
||